000
00298nam a22001217a 4500
008
250307b |||||||| |||| 00| 0 eng d
050
_a
HD1387
_b
.R53
100
_a
BOYCE, N. Byrl
245
_a
Real Estate Appraisal
260
_a
U.S.A
_b
Bollinger Publishing
_c
1984
300
_a
x, 367p.
942
_c
BK
999
_c
2154
_d
2154